| 000 | 01329nam a2200349 a 4500 | ||
|---|---|---|---|
| 001 | ebr2004104 | ||
| 003 | CaPaEBR | ||
| 006 | m u | ||
| 007 | cr cn||||||||| | ||
| 008 | 971003s1998 enk sb 000 0 eng | ||
| 010 | _z 97041065 | ||
| 020 | _z0415166551 (hardcover) | ||
| 020 | _z041516656X (pbk.) | ||
| 040 |
_aCaPaEBR _cCaPaEBR |
||
| 035 | _a(OCoLC)228039829 | ||
| 050 | 1 | 4 |
_aHQ755.8 _b.B657 1998eb |
| 082 | 0 | 4 |
_a306.874 _221 |
| 100 | 1 |
_aBooth, Timothy A., _d1947- |
|
| 245 | 1 | 0 |
_aGrowing up with parents who have learning difficulties _h[electronic resource] / _cTim Booth and Wendy Booth. |
| 260 |
_aLondon : _aNew York : _bRoutledge, _c1998. |
||
| 300 | _ax, 222 p. | ||
| 504 | _aIncludes bibliographical references (p. [214]-222). | ||
| 533 |
_aElectronic reproduction. _bPalo Alto, Calif. : _cebrary, _d2013. _nAvailable via World Wide Web. _nAccess may be limited to ebrary affiliated libraries. |
||
| 650 | 0 | _aParenting. | |
| 650 | 0 | _aLearning disabled. | |
| 650 | 0 | _aParents with disabilities. | |
| 650 | 0 | _aChildren of parents with disabilities. | |
| 655 | 7 |
_aElectronic books. _2local |
|
| 700 | 1 |
_aBooth, Wendy, _d1946- |
|
| 710 | 2 | _aebrary, Inc. | |
| 856 | 4 | 0 |
_uhttp://site.ebrary.com/lib/rucke/Doc?id=2004104 _zAn electronic book accessible through the World Wide Web; click to view |
| 999 |
_c225446 _d225446 |
||